Local finance in Ireland - the option (Record no. 21941)

000 -LEADER
fixed length control field 01047pab a2200133 454500
008 - FIXED-LENGTH DATA ELEMENTS--GENERAL INFORMATION
fixed length control field 180718b xxu||||| |||| 00| 0 eng d
100 ## - MAIN ENTRY--PERSONAL NAME
Personal name Buitleir, Donalde
245 ## - TITLE STATEMENT
Title Local finance in Ireland - the option
520 ## - SUMMARY, ETC.
Summary, etc. In this article the author outline briefly the evolution of the existing system of financing local authorities in Ireland. He further discusses local taxation in the context of national taxation and identify the options that are available in any reform of local finance. While the matter of local taxation was excluded from the terms of reference of the Barrington Committee on local government reform, this question was raised by a very large proportion of individuals and bodies who made submission to that committee. Reform of the system of financing local authorities is an essential component of overall reform if that reform is to mean anything. For this reason the author believes that it is important to look
650 ## - SUBJECT ADDED ENTRY--TOPICAL TERM
Topical term or geographic name entry element Taxation
650 ## - SUBJECT ADDED ENTRY--TOPICAL TERM
Topical term or geographic name entry element Municipal Finance - Ireland
773 ## - HOST ITEM ENTRY
Main entry heading Administration
909 ## -
-- 21941
Holdings
Withdrawn status Lost status Damaged status Not for loan Permanent Location Current Location Date acquired Serial Enumeration / chronology Barcode Date last seen Price effective from Koha item type
        Indian Institute of Public Administration Indian Institute of Public Administration 2018-07-19 Issue no: 39(4),92 p.295-309 AR22010 2018-07-19 2018-07-19 Articles

Powered by Koha